000 00359nam a2200145Ia 4500
008 100122s9999 xx 000 0 und d
082 _b41005
_a135.3
100 _aHERBERT HESPRO
245 _aWHAT YOUR DREAMS MEAN
260 _bPERMA BOOKS
_c1949
300 _a220
630 _aWHAT YOUR DREAMS MEAN
730 _aWHAT YOUR DREAMS MEAN
942 _cBOOK
999 _c372435
_d372432